000 00529nam a2200169 a 4500
001 000034579
005 20200930073758.0
008 111010s2007 xxu 000 0 spa d
020 _a9780195325454
040 _aDO-SdBNP
_beng
_cBNPHU
082 _axxxx
_bC559s
100 1 _aChung, Young-Iob.
_960014
245 1 0 _aSouth Korea in the fast lane :
_beconomic development and capital formation /
_cYoung-Iob Chung.
260 _aNew York :
_bOxford,
_c2007.
300 _axiv, 466 p. ;
_c24 cm.
504 _aBibliografía : p.437-454
999 _c34070
_d34070